Licenčné poplatky pri transfere duševného vlastníctva

Význam duševného vlastníctva v rámci majetku podniku neustále rastie. V súvislosti s tým sa zvyšuje aj počet transferov rôznych zložiek duševného vlastníctva, preto je dôležité čo najpresnejšie stanoviť ich hodnotu. Na výpočet hodnoty duševného vlastníctva sa často využíva metóda licenčnej analógie,...

Full description

Saved in:
Bibliographic Details
Main Author: Havier, Jan, 1989-
Other Authors: Uhliar, Miroslav, 1981-
Format: Book Chapter
Language:Slovak
Subjects:
Tags: Add Tag
No Tags, Be the first to tag this record!

MARC

LEADER 00000nla a2200000 4500
001 0242066
005 20240502083649.7
041 0 |a slo 
044 |a US 
245 1 0 |a Licenčné poplatky pri transfere duševného vlastníctva  |c Jan Havier, Miroslav Uhliar 
520 |a Význam duševného vlastníctva v rámci majetku podniku neustále rastie. V súvislosti s tým sa zvyšuje aj počet transferov rôznych zložiek duševného vlastníctva, preto je dôležité čo najpresnejšie stanoviť ich hodnotu. Na výpočet hodnoty duševného vlastníctva sa často využíva metóda licenčnej analógie, ktorej výpočet ovplyvňujú mnohé faktory. Na území Slovenskej a Českej republiky je stále rozšírená teória, že licenčný poplatok zodpovedá približne 1 % z hodnoty tržieb podniku vyprodukovaných danou zložkou duševného vlastníctva. 
610 2 0 |a vlastníctvo duševné 
610 2 0 |a poplatky 
610 2 0 |a licencie 
610 2 0 |a ohodnocovanie 
610 2 0 |a ukazovatele štatistické 
610 2 0 |a majetok nehmotný 
610 2 0 |a evidencia 
100 1 |a Havier, Jan, 1989- 
700 1 |a Uhliar, Miroslav, 1981-